000 00621nam a2200181Ia 4500
005 20250423101547.0
008 250422s9999 xx 000 0 und d
020 _a9781118436530
050 _aHD 30.2 .W36/
100 _aWander, Frank
245 0 _aTransforming it culture : how to use social intelligence, human factors, and collaboration to create an IT department that outperforms
260 _aNew Jersey
260 _bJohn Wiley & Sons, Inc.
260 _c2013
300 _a203 p
650 _a Information technology--Management. Electronic data processing departments--Management.
942 _cBK
999 _c36641
_d36641